English-Russian Fruit Vocabulary - Statistics

General Stats
  • This quiz has been taken 54 times
  • The average score is 10 of 15
Answer Stats
Hint Answer % Correct
яблоко apple
94%
банан banana
94%
лимон lemon
84%
ананас pineapple
84%
виноград grape
81%
апельсин orange
71%
персик peach
68%
вишня cherry
65%
груша pear
65%
черника blueberry
55%
слива plum
55%
арбуз watermelon
55%
клубника strawberry
52%
малина raspberry
48%
дыня melon
39%
No matching quizzes found
Score Distribution
Percent of People with Each Score
Percentile by Number Answered
Your Score History
You have not taken this quiz